000
00323nam a22001457a 4500
003
SGT
020
_a
8129109174
082
_a
954.034
_b
A85T
100
_a
TULLU, MARK
245
_a
AMRITSAR: MRS GANDHI IS LAST BATTLE
260
_b
RUPA PUBLICATIONS
_c
1985
300
_a
238
650
_a
INDIAN HISTORY
942
_2
ddc
_c
BK
999
_c
28023
_d
28023